[Event "Hampstead op U2200 12"]
[Site "Hampstead"]
[Date "2013.12.21"]
[Round "2"]
[White "Hakimzadeh, Karim"]
[Black "Millward, David J"]
[Result "1-0"]
[WhiteElo "1642"]
[BlackElo "1912"]
[PlyCount "101"]
[EventDate "2013.12.21"]
[EventType "swiss"]
[EventRounds "5"]
[EventCountry "ENG"]
[SourceTitle "EXT 2015"]
[Source "ChessBase"]
[SourceDate "2014.11.20"]
[SourceVersion "1"]
[SourceVersionDate "2014.11.20"]
[SourceQuality "1"]

1. e4 d5 2. exd5 Qxd5 3. Nc3 Qd6 4. d4 Nf6 5. Nf3 Bg4 6. Nb5 Qd8 7. Bf4 Nd5 8. Bg3 c6 9. Na3 e6 10. Nc4 Be7 11. c3 0-0 12. Nce5 Bh5 13. Be2 Nd7 14. Nxd7 Bxf3 15. Nxf8 Bxe2 16. Nxe6 Bxd1 17. Nxd8 Rxd8 18. Rxd1 Bf6 19. 0-0 g6 20. Be5 Kg7 21. Rfe1 Ne7 22. Bxf6+ Kxf6 23. f3 Nf5 24. Kf2 Rd7 25. a4 h5 26. Re5 b6 27. Rde1 Nd6 28. b3 Nb7 29. g4 hxg4 30. fxg4 Na5 31. g5+ Kg7 32. b4 Nc4 33. Re7 Rd5 34. h4 a5 35. bxa5 Rxa5 36. Rc7 Rxa4 37. Ree7 Ra2+ 38. Kg3 Nd6 39. Kf3 Ra3 40. Rxc6 Nf5 41. Re4 Rb3 42. Kg4 Rb1 43. h5 Rg1+ 44. Kf4 Rf1+ 45. Ke5 Ng3 46. h6+ Kh7 47. Rf6 Rxf6 48. gxf6 Kxh6 49. d5 Kg5 50. Rg4+ Kxg4 51. d6 1-0

[Event "Hampstead op U2200 11-A"]
[Site "Hampstead"]
[Date "2013.11.23"]
[Round "1"]
[White "Millward, David J"]
[Black "Jain, Gautam"]
[Result "1/2-1/2"]
[WhiteElo "1921"]
[BlackElo "1697"]
[PlyCount "70"]
[EventDate "2013.11.23"]
[EventType "swiss"]
[EventRounds "5"]
[EventCountry "ENG"]
[SourceTitle "EXT 2015"]
[Source "ChessBase"]
[SourceDate "2014.11.20"]
[SourceVersion "1"]
[SourceVersionDate "2014.11.20"]
[SourceQuality "1"]

1. e4 e5 2. Nf3 Nc6 3. Bb5 a6 4. Ba4 Nf6 5. 0-0 b5 6. Bb3 Be7 7. Re1 0-0 8. d4 d6 9. c3 Bg4 10. Be3 exd4 11. cxd4 d5 12. e5 Ne4 13. Nc3 Nxc3 14. bxc3 Na5 15. Bc2 Nc4 16. Qd3 g6 17. Bh6 Re8 18. h3 Bf5 19. Qd1 Bxc2 20. Qxc2 Bf8 21. Qc1 Qe7 22. a4 c6 23. Bg5 Qd7 24. Qf4 bxa4 25. Rxa4 Nb2 26. e6 Rxe6 27. Rxe6 Qxe6 28. Ra2 Bd6 29. Qc1 Nc4 30. Qd1 Qf5 31. g4 Qd7 32. Nd2 Nxd2 33. Qxd2 Qb7 34. Rb2 Qc7 35. Ra2 Qb7 1/2-1/2

[Event "Hampstead op U2200 10"]
[Site "Hampstead"]
[Date "2013.10.26"]
[Round "1"]
[White "Millward, David J"]
[Black "Jain, Gautam"]
[Result "1-0"]
[WhiteElo "1928"]
[BlackElo "1652"]
[PlyCount "83"]
[EventDate "2013.10.26"]
[EventType "swiss"]
[EventRounds "5"]
[EventCountry "ENG"]
[SourceTitle "EXT 2015"]
[Source "ChessBase"]
[SourceDate "2014.11.20"]
[SourceVersion "1"]
[SourceVersionDate "2014.11.20"]
[SourceQuality "1"]

1. e4 e5 2. Nf3 Nc6 3. Bb5 a6 4. Ba4 Nf6 5. 0-0 b5 6. Bb3 Be7 7. Re1 0-0 8. d4 d6 9. c3 Bg4 10. Be3 Na5 11. Nbd2 Nxb3 12. Qxb3 Nd7 13. h3 Bxf3 14. Nxf3 Kh8 15. Rad1 Qe8 16. Qc2 f6 17. g4 h5 18. Nh2 h4 19. f4 g5 20. fxg5 fxg5 21. Rf1 Qg6 22. Rf5 Rxf5 23. exf5 Qg7 24. Nf3 Bf6 25. dxe5 Nxe5 26. Nd4 Re8 27. Ne6 Qe7 28. Qe4 c6 29. Bd4 c5 30. Bf2 Rg8 31. Qd5 Nf7 32. Qc6 Qa7 33. Nxc5 dxc5 34. Qxf6+ Rg7 35. Qc6 Kh7 36. Bxc5 Qb8 37. Qg2 Qc7 38. Bd4 Rg8 39. Re1 Qd7 40. Qe4 Nd6 41. Qe7+ Qxe7 42. Rxe7+ 1-0

[Event "London op Congress August"]
[Site "London"]
[Date "2013.08.24"]
[Round "2"]
[White "Millward, David J"]
[Black "Murphy, Conor"]
[Result "0-1"]
[WhiteElo "1958"]
[BlackElo "1972"]
[PlyCount "56"]
[EventDate "2013.08.24"]
[EventType "swiss"]
[EventRounds "6"]
[EventCountry "ENG"]
[SourceTitle "EXT 2023"]
[Source "ChessBase"]
[SourceDate "2022.10.05"]
[SourceVersion "1"]
[SourceVersionDate "2022.10.05"]
[SourceQuality "1"]

1. e4 c5 2. Nc3 Nc6 3. f4 g6 4. Nf3 Bg7 5. g3 e6 6. Bg2 Nge7 7. 0-0 0-0 8. d3 d6 9. Qe2 Nd4 10. Nxd4 cxd4 11. Nd1 Qc7 12. b3 Bd7 13. Bb2 Rac8 14. Rc1 b5 15. c4 dxc3 16. Nxc3 Qb6+ 17. Kh1 f5 18. Nb1 Bxb2 19. Qxb2 Nc6 20. exf5 gxf5 21. Nd2 Qd4 22. Qxd4 Nxd4 23. Rfe1 Nc2 24. Red1 Nb4 25. Nf1 Nxa2 26. Rxc8 Rxc8 27. Rd2 Nb4 28. Ne3 Rc3 0-1

[Event "London op Congress August"]
[Site "London"]
[Date "2013.08.24"]
[Round "1"]
[White "Nayak, Raghav"]
[Black "Millward, David J"]
[Result "1/2-1/2"]
[WhiteElo "1693"]
[BlackElo "1958"]
[PlyCount "41"]
[EventDate "2013.08.24"]
[EventType "swiss"]
[EventRounds "6"]
[EventCountry "ENG"]
[SourceTitle "EXT 2023"]
[Source "ChessBase"]
[SourceDate "2022.10.05"]
[SourceVersion "1"]
[SourceVersionDate "2022.10.05"]
[SourceQuality "1"]

1. e4 e5 2. Nf3 Nc6 3. Bb5 a6 4. Ba4 Nf6 5. 0-0 b5 6. Bb3 Be7 7. d3 0-0 8. c3 d6 9. Nbd2 Na5 10. Bc2 c5 11. Re1 Nc6 12. Nf1 Qc7 13. a4 Bb7 14. Ne3 Rfe8 15. Nf5 Nd8 16. d4 Ne6 17. d5 Nf8 18. Qe2 c4 19. h3 Ng6 20. Be3 Bf8 21. a5 1/2-1/2

[Event "Hampstead op U2200 04"]
[Site "Hampstead"]
[Date "2013.04.21"]
[Round "5"]
[White "Millward, David J"]
[Black "Eden, Tomer"]
[Result "0-1"]
[WhiteElo "2035"]
[BlackElo "2185"]
[PlyCount "118"]
[EventDate "2013.04.20"]
[EventType "swiss"]
[EventRounds "5"]
[EventCountry "ENG"]
[SourceTitle "EXT 2014"]
[Source "ChessBase"]
[SourceDate "2013.11.20"]
[SourceVersion "1"]
[SourceVersionDate "2013.11.20"]
[SourceQuality "1"]

1. e4 c6 2. d4 d5 3. e5 Bf5 4. Nf3 e6 5. Bd3 Bxd3 6. Qxd3 Nd7 7. 0-0 Ne7 8. Nbd2 Nf5 9. Re1 Be7 10. Nf1 h5 11. Ne3 g6 12. c3 Qb6 13. Bd2 Qb5 14. Qxb5 cxb5 15. a4 Nxe3 16. Bxe3 bxa4 17. Rxa4 0-0 18. Nd2 Rfc8 19. Kf1 a6 20. Rea1 Rc6 21. Ke2 Rac8 22. Kd3 Nb8 23. R4a2 b5 24. Nb3 b4 25. Bd2 Rb6 26. cxb4 Bxb4 27. Bxb4 Rxb4 28. Nc5 Nc6 29. Nxa6 Rxd4+ 30. Ke2 Nxe5 31. b4 Rdc4 32. Rb1 Rc2+ 33. Rxc2 Rxc2+ 34. Kf1 Nc4 35. Ke1 Na3 36. Rb3 Nb5 37. Nc5 Kf8 38. Nd3 Ke7 39. Ne5 Nd4 40. Re3 Ra2 41. Rd3 Nc2+ 42. Kf1 Nxb4 43. Rb3 Kd6 44. Nxf7+ Kc5 45. Ne5 Nc6 46. Nxc6 Kxc6 47. Rg3 d4 48. Rxg6 Kd5 49. Rg5+ Kc4 50. Rxh5 d3 51. Ke1 Re2+ 52. Kd1 Rxf2 53. Re5 Kc3 54. Rc5+ Kd4 55. Rc6 e5 56. Rd6+ Ke3 57. Kc1 Rxg2 58. h4 Rg1+ 59. Kb2 d2 0-1

[Event "Southend op"]
[Site "Southend"]
[Date "2009.04.11"]
[Round "3"]
[White "Gregory, Stephen J"]
[Black "Millward, David J"]
[Result "1/2-1/2"]
[WhiteElo "2163"]
[BlackElo "2063"]
[PlyCount "171"]
[EventDate "2009.04.10"]
[EventType "swiss"]
[EventRounds "7"]
[EventCountry "ENG"]
[SourceTitle "CBM 130 Extra"]
[Source "ChessBase"]
[SourceDate "2009.07.02"]
[SourceVersion "2"]
[SourceVersionDate "2009.07.15"]
[SourceQuality "1"]

1. e4 e5 2. Bc4 Nc6 3. Nf3 Be7 4. Qe2 Nf6 5. c3 d6 6. d3 0-0 7. Nbd2 a6 8. Bb3 b5 9. h3 Na5 10. Bc2 c5 11. Nf1 Nc6 12. Ng3 Qc7 13. 0-0 Nd8 14. Nh2 Ne6 15. Qf3 h6 16. Nf5 Ng5 17. Bxg5 hxg5 18. Ng4 Nxg4 19. hxg4 g6 20. Ne3 Be6 21. g3 Kg7 22. Kg2 Rh8 23. Qe2 Qd7 24. Rh1 Rxh1 25. Rxh1 Rh8 26. Rxh8 Kxh8 27. Bb3 Kg7 28. Bxe6 Qxe6 29. Nd5 Bd8 30. f3 Qc8 31. Qc2 Ba5 32. a4 Qc6 33. axb5 axb5 34. Qd2 Bd8 35. f4 gxf4 36. gxf4 exf4 37. Qxf4 Qd7 38. Kg3 Qe6 39. d4 cxd4 40. cxd4 f6 41. Kf3 Qd7 42. Qd2 f5 43. gxf5 gxf5 44. Qg2+ Kf7 45. Nf4 fxe4+ 46. Ke3 Qf5 47. Qxe4 Kf6 48. b3 Qxe4+ 49. Kxe4 Ke7 50. Kd5 Kd7 51. Ne2 Ba5 52. Ng3 Be1 53. Ne4 Bb4 54. Nf2 Be1 55. Nd3 Bd2 56. Ke4 Kc6 57. d5+ Kc7 58. Kf5 Kd7 59. Kf6 Bc3+ 60. Kf7 Bd2 61. Nf2 Bc3 62. Ne4 Be5 63. Ng5 Bg3 64. Ne6 Bh2 65. Nd4 Kc7 66. Nxb5+ Kb6 67. Nc3 Kc5 68. Ke6 Kb4 69. Ne4 Kxb3 70. Nxd6 Kb4 71. Nf7 Bb8 72. Ne5 Kb5 73. Nc6 Bc7 74. Kd7 Kc5 75. Ke6 Bd6 76. Ne5 Bc7 77. Nd3+ Kd4 78. Nb4 Bh2 79. Nc6+ Ke4 80. Ne7 Bb8 81. Ng8 Bh2 82. Nf6+ Kd4 83. Ng4 Bb8 84. Nh6 Bh2 85. Nf5+ Ke4 86. Nd6+ 1/2-1/2

[Event "Southend op"]
[Site "Southend"]
[Date "2009.04.11"]
[Round "4"]
[White "Haydon, David Leslie"]
[Black "Millward, David J"]
[Result "1-0"]
[WhiteElo "2142"]
[BlackElo "2063"]
[PlyCount "67"]
[EventDate "2009.04.10"]
[EventType "swiss"]
[EventRounds "7"]
[EventCountry "ENG"]
[SourceTitle "CBM 130 Extra"]
[Source "ChessBase"]
[SourceDate "2009.07.02"]
[SourceVersion "2"]
[SourceVersionDate "2009.07.15"]
[SourceQuality "1"]

1. e4 d5 2. exd5 Qxd5 3. Nc3 Qd6 4. d4 Nf6 5. Nf3 c6 6. Bc4 Bg4 7. Be3 Nbd7 8. h3 Bxf3 9. Qxf3 Nb6 10. Bb3 e6 11. 0-0-0 Nbd5 12. Nxd5 Nxd5 13. c4 Nxe3 14. fxe3 a5 15. Rhf1 Qd7 16. d5 cxd5 17. cxd5 e5 18. d6 f6 19. Kb1 Ra6 20. Rd5 Bxd6 21. Bc4 Rb6 22. Rxa5 Ke7 23. Qd5 Rf8 24. Rd1 Qc8 25. Ra8 Qxa8 26. Qe6+ Kd8 27. Rxd6+ Rxd6 28. Qxd6+ Ke8 29. Qe6+ Kd8 30. Qb6+ Kc8 31. Be6+ Kb8 32. Qd6+ Ka7 33. Qc5+ b6 34. Qa3+ 1-0

[Event "Southend op"]
[Site "Southend"]
[Date "2009.04.10"]
[Round "1"]
[White "Lewis, Andrew P"]
[Black "Millward, David J"]
[Result "1-0"]
[WhiteElo "2276"]
[BlackElo "2063"]
[PlyCount "97"]
[EventDate "2009.04.10"]
[EventType "swiss"]
[EventRounds "7"]
[EventCountry "ENG"]
[SourceTitle "CBM 130 Extra"]
[Source "ChessBase"]
[SourceDate "2009.07.02"]
[SourceVersion "2"]
[SourceVersionDate "2009.07.15"]
[SourceQuality "1"]

1. c4 g6 2. Nc3 Bg7 3. d4 Nf6 4. e4 d6 5. Nf3 0-0 6. Be2 Bg4 7. Be3 Nbd7 8. h3 Bxf3 9. Bxf3 e5 10. d5 Kh8 11. h4 h5 12. Bg5 Qe8 13. Qd2 Nb6 14. Be2 Na4 15. f3 Nxc3 16. Qxc3 Nd7 17. g4 f5 18. 0-0-0 Nc5 19. Qc2 f4 20. gxh5 gxh5 21. Bf1 a5 22. Bh3 Qf7 23. Bf5 Bf6 24. Rdg1 Rg8 25. Qh2 Raf8 26. Kc2 c6 27. Bxf6+ Qxf6 28. Rg5 Rxg5 29. hxg5 Qxg5 30. Rg1 Rxf5 31. Rxg5 Rxg5 32. Qh4 Rg2+ 33. Kd1 cxd5 34. Qf6+ Kg8 35. Qxd6 Na4 36. Qxd5+ Kf8 37. Qd8+ Kf7 38. Qd7+ Kf6 39. Qxa4 h4 40. Qd7 Rh2 41. Qf5+ Kg7 42. Qxe5+ Kh7 43. Qxf4 Rh1+ 44. Ke2 h3 45. Qh4+ Kg6 46. Ke3 h2 47. Kf4 Kf7 48. Ke5 Kg6 49. f4 1-0

[Event "Southend op-B"]
[Site "Southend"]
[Date "2006.04.16"]
[Round "6"]
[White "Williamson, Kevin J"]
[Black "Millward, David J"]
[Result "1/2-1/2"]
[WhiteElo "2027"]
[BlackElo "2112"]
[PlyCount "29"]
[EventDate "2006.04.14"]
[EventType "swiss"]
[EventRounds "7"]
[EventCountry "ENG"]
[SourceTitle "EXT 2007"]
[Source "ChessBase"]
[SourceDate "2006.11.23"]
[SourceVersion "1"]
[SourceVersionDate "2006.11.23"]
[SourceQuality "1"]

1. d4 Nf6 2. Nc3 d5 3. Bg5 Nbd7 4. Qd3 e6 5. e4 dxe4 6. Nxe4 Be7 7. Nxf6+ Bxf6 8. Bxf6 Nxf6 9. Nf3 0-0 10. Be2 b6 11. Ne5 Bb7 12. Bf3 Bxf3 13. Nxf3 Qd5 14. c4 Qe4+ 15. Qxe4 1/2-1/2

[Event "Southend op-B"]
[Site "Southend"]
[Date "2006.04.15"]
[Round "4"]
[White "Millward, David J"]
[Black "Barton, R Alan"]
[Result "0-1"]
[WhiteElo "2112"]
[BlackElo "2131"]
[PlyCount "92"]
[EventDate "2006.04.14"]
[EventType "swiss"]
[EventRounds "7"]
[EventCountry "ENG"]
[SourceTitle "EXT 2007"]
[Source "ChessBase"]
[SourceDate "2006.11.23"]
[SourceVersion "1"]
[SourceVersionDate "2006.11.23"]
[SourceQuality "1"]

1. e4 d5 2. exd5 Qxd5 3. Nc3 Qa5 4. d4 c6 5. Nf3 Nf6 6. Bd2 Bf5 7. Be2 Nbd7 8. 0-0 Qc7 9. Qc1 e6 10. Bf4 Bd6 11. Bxd6 Qxd6 12. Nd1 0-0 13. Ne3 Be4 14. Rd1 b5 15. Nf1 h6 16. Ng3 Bh7 17. Bd3 Bxd3 18. Rxd3 Rfd8 19. Qe1 Qf4 20. Rad1 a5 21. Qd2 Qxd2 22. R3xd2 Kf8 23. Ne5 Nxe5 24. dxe5 Rxd2 25. Rxd2 Nd5 26. Ne4 b4 27. Kf1 a4 28. g3 a3 29. b3 Ra5 30. Rd3 f5 31. exf6 gxf6 32. c4 f5 33. cxd5 fxe4 34. Rd4 exd5 35. Rxb4 Rc5 36. Ra4 Rc1+ 37. Kg2 e3 38. Rf4+ Ke7 39. fxe3 Re1 40. Rf2 Rxe3 41. Rc2 Kd6 42. Kf2 Re4 43. Kf3 c5 44. h3 Re1 45. Kf2 Rh1 46. h4 Rh2+ 0-1